| 000 | 00663nam a2200205 u 4500 | ||
|---|---|---|---|
| 005 | 20241207063743.0 | ||
| 008 | 091014s2008 ag r 000 0 spa d | ||
| 020 | _a9789870008019 | ||
| 035 | _aUPN01000173172 | ||
| 049 | _aF | ||
| 050 | 4 |
_aHM716 _bA5.2 |
|
| 100 | 1 |
_aAnder-Egg, Ezequiel, _d1930- _928724 |
|
| 245 | 1 | 3 |
_aLa animación sociocultural a comienzos del siglo XXI / _cEzequiel Ander-Egg. |
| 260 |
_aBuenos Aires : _bLumen-Hvmanitas, _c2008. |
||
| 300 |
_a47 p. : _bil. |
||
| 440 | 0 | _aCuadernos de trabajo social y animación sociocultural | |
| 650 | 2 |
_aAnimación sociocultural _91050 |
|
| 650 | 4 |
_aDesarrollo de la comunidad _9458 |
|
| 905 | _aLibro | ||
| 999 |
_c145276 _d145276 |
||